Jours fériés en France - Statistiques

Statistiques générales
  • Ce quiz a été pris 90 fois
  • Le résultat moyen est 6 sur 11
Statistiques - réponses
Date Jour férié % Correct
1er mai Fête du Travail
90%
25 décembre Noël
74%
1er janvier Jour de l'an
73%
14 juillet Fête Nationale
68%
1er novembre Toussaint
57%
Entre le 23 mars et le 26 avril, le lundi Lundi de Pâques
49%
15 août Assomption
48%
Entre le 30 avril et le 3 juin, le jeudi Ascension
38%
11 novembre Armistice de 1918
33%
8 mai Fête de la Victoire de 1945
32%
Entre le 10 mai et le 13 juin, le lundi Lundi de Pentecôte
30%
Aucun quiz correspondant
Distribution des résultats
% des personnes avec chaque résultat
Percentile par nombre de réponses
Votre historique - résultats
Vous n’avez pas pris ce quiz